Discutamos México : México, cruce de culturas : las fronteras del norte /
Serie televisiva de opinión y debate producida en 2010 por el gobierno federal mexicano con motivo del Bicentenario del inicio de la Guerra de Independencia y el Centenario del comienzo de la Revolución Mexicana, cuyo objetivo –como apunta el título- es discutir México. El ejercicio de reflexión con...
Guardado en:
| Autor corporativo: | |
|---|---|
| Otros autores: | , , , , , , , , , , , , , , , , |
| Formato: | |
| Idioma: | Español |
| Publicado: |
México :
CONACULTA,
2010, c2010
México : CONACULTA [distribución], 2010, c2010 |
| Colección: | (Discutamos México. Temporada 3 ;
7) |
| Temas: | |
| Etiquetas: |
Sin etiquetas, Sé el primero en etiquetar este registro!
|
MARC
| LEADER | 00000ngm^a2200000^a^4500 | ||
|---|---|---|---|
| 001 | 000318431 | ||
| 005 | 20250521000000.0 | ||
| 009 | 20260310113413.723 | ||
| 037 | |a Acervo ITESO - Biblioteca | ||
| 041 | |a ESP | ||
| 082 | |a 972. |b MEX DIS S. 3 V. 7 | ||
| 110 | |a México. |b Comisión Organizadora de la Conmemoración del Bicentenario del Inicio del Movimiento de Independencia Nacional y del Centenario del Inicio de la Revolución Mexicana | ||
| 240 | 1 | 1 | |a [Discutamos México: México, cruce de culturas] |
| 240 | 1 | 1 | |a [Discutamos México: mujeres] |
| 240 | 1 | 1 | |a [Discutamos México] |
| 245 | 1 | 0 | |a Discutamos México : |b México, cruce de culturas : las fronteras del norte / |c Coord. general de F. Serrano Migallón ; conducción de J.A. Bustamante Fernández. |
| 264 | 4 | |a México : |b CONACULTA, |c 2010, c2010 | |
| 264 | 4 | |a México : |b CONACULTA [distribución], |c 2010, c2010 | |
| 300 | |a 1 DVD sin dato de región |c (43, 45 min.) | ||
| 336 | |a imagen móvil bidimensional |b tdi |2 rdacontenido | ||
| 337 | |a video |b v |2 rdamedio | ||
| 338 | |a videodisco |b vd |2 rdasoporte | ||
| 440 | 1 | |a (Discutamos México. |p Temporada 3 ; |v 7) | |
| 520 | |a Serie televisiva de opinión y debate producida en 2010 por el gobierno federal mexicano con motivo del Bicentenario del inicio de la Guerra de Independencia y el Centenario del comienzo de la Revolución Mexicana, cuyo objetivo –como apunta el título- es discutir México. El ejercicio de reflexión consta de 154 programas, numerados del 0 al 153, con la participación de 500 especialistas. La serie está organizada a partir de dos ejes: una vertiente en la que se recorre la historia de México desde la época prehispánica hasta 2010 y otra en la que son debatidos asuntos centrales de la agenda pública nacional, como la política, los derechos humanos o la educación, para dar forma a un total de 23 módulos histórico-temáticos. | ||
| 520 | |a Esta presentación en DVD está dividida en diez cajas, que contienen un total de 20 discos –es decir, cada caja tiene dos discos- y estos a su vez reúnen los programas de la serie numerados del 80 al 120, correspondientes a los módulos XV-XXII. La caja 4 está formada por los discos 7 y 8, pertenecientes a los módulos XVI: México, cruce de culturas y XVII. Mujeres. El disco número 7 contiene los siguientes programas: 92. Las fronteras del norte, moderado por Jorge A. Bustamante Fernández, con la participación de Carlos de la Parra, Jorge Quintana y Cirila Quintero Ramírez; 93. Mujeres en la historia de México, moderado por Gabriela Cano, con la participación de Francie R. Chassen de López, Fernanda Núñez Becerra y Cristina Rivera Garza. | ||
| 520 | |a Suplementos y características especiales: ninguna. | ||
| 649 | |a XX | ||
| 650 | |a Mujeres - |z México - |x Tema Principal | ||
| 650 | |a Programas de Opinión y Debate | ||
| 650 | |a Series de Televisión | ||
| 650 | |a Televisión - |z México - |y 2010-2019 | ||
| 650 | |a Televisión - |z México - |y Siglo XXI | ||
| 650 | |a Relaciones Interculturales - |z México-EUA | ||
| 650 | |a Política - |z México - |x Historia - |y Siglo XXI | ||
| 650 | |a Historiografía - |z México | ||
| 650 | |a México - |x Historia - |y Epoca Prehispánica - |x Tema Principal | ||
| 650 | |a México - |x Historia - |y Bicentenario de la Independencia, 2010 - |x Tema Principal | ||
| 650 | |a México - |x Historia - |y Centenario de la Revolución, 2010 - |x Tema Principal | ||
| 740 | 0 | |a Discutamos México : |b mujeres: mujeres en la historia de México / |c Coord. general de F. Serrano Migallón ; conducción de G. Cano. | |
| 700 | |a Serrano Migallón, Fernando |e (coordinación) | ||
| 700 | |a Tardán, Isabelle |e (producción) | ||
| 700 | |a Fernández-Félix, Sibylla |e (producción ejecutiva) | ||
| 700 | |a Corkidi, Pablo |e (producción) | ||
| 700 | |a Cebada, Raymundo |e (realización) | ||
| 700 | |a Hijuelos, Oscar |e (fotógrafo) | ||
| 700 | |a Garci-Crespo, Nayeli |e (montaje) | ||
| 700 | |a Barreiro, Tomás |e (música) | ||
| 700 | |a Hidalgo, Daniel |e (música) | ||
| 700 | |a Bustamante Fernández, Jorge A. |e (conducción) | ||
| 700 | |a Parra, Carlos de la |e (conferencia) | ||
| 700 | |a Quintana, Jorge |e (conferencia) | ||
| 700 | |a Quintero Ramírez, Cirila |e (conferencia) | ||
| 700 | |a Cano, Gabriela |e (conducción) | ||
| 700 | |a Chassen de López, Francie R. |e (conferencia) | ||
| 700 | |a Núñez Becerra, Fernanda |e (conferencia) | ||
| 700 | |a Rivera Garza, Cristina |e (conferencia) | ||
| 910 | |a Fondo General | ||
| 920 | |a Audiovisuales - DVDs | ||
| 905 | |a 302 | ||
| 901 | |a 0500209995 |b IT2 |c DVS |i C130480 |u 20250521 | ||
| 902 | |a https://opac.biblio.iteso.mx/vufind/Record/000318431 | ||